Optimization Techniques for Sustainable Environment Under Uncertainty. (Record no. 33442)

MARC details
000 -LEADER
fixed length control field 00783nam a22002537a 4500
003 - CONTROL NUMBER IDENTIFIER
control field OSt
005 - DATE AND TIME OF LATEST TRANSACTION
control field 20260512121845.0
008 - FIXED-LENGTH DATA ELEMENTS--GENERAL INFORMATION
fixed length control field 260512b |||||||| |||| 00| 0 eng d
020 ## - INTERNATIONAL STANDARD BOOK NUMBER
International Standard Book Number 9789819603886
040 ## - CATALOGING SOURCE
Transcribing agency IN-NITTTR
082 ## - DEWEY DECIMAL CLASSIFICATION NUMBER
Classification number 628.015196
Item number ARO
100 ## - MAIN ENTRY--PERSONAL NAME
Personal name Arora, Ritu
Relator term ed
245 ## - TITLE STATEMENT
Title Optimization Techniques for Sustainable Environment Under Uncertainty.
Statement of responsibility, etc. by Ritu Arora and Shalini Arora/
Medium Eng
260 ## - PUBLICATION, DISTRIBUTION, ETC.
Place of publication, distribution, etc. Singapore.
Name of publisher, distributor, etc. Springer Nature.
Date of publication, distribution, etc. 2025
300 ## - PHYSICAL DESCRIPTION
Extent ix, 173 p.
650 ## - SUBJECT ADDED ENTRY--TOPICAL TERM
Topical term or geographic name entry element Optimization Techniques
650 ## - SUBJECT ADDED ENTRY--TOPICAL TERM
Topical term or geographic name entry element Sustainable Environment
650 ## - SUBJECT ADDED ENTRY--TOPICAL TERM
Topical term or geographic name entry element Environmental Sustainability
650 ## - SUBJECT ADDED ENTRY--TOPICAL TERM
Topical term or geographic name entry element Uncertainty Modeling
650 ## - SUBJECT ADDED ENTRY--TOPICAL TERM
Topical term or geographic name entry element Mathematical Optimization
650 ## - SUBJECT ADDED ENTRY--TOPICAL TERM
Topical term or geographic name entry element Sustainable Development
700 ## - ADDED ENTRY--PERSONAL NAME
Personal name Arora, Shalini
Relator term ed
942 ## - ADDED ENTRY ELEMENTS (KOHA)
Source of classification or shelving scheme Dewey Decimal Classification
Koha item type Books
Suppress in OPAC No
Holdings
Withdrawn status Lost status Source of classification or shelving scheme Damaged status Not for loan Collection Home library Current library Date acquired Total checkouts Full call number Barcode Date last seen Price effective from Koha item type
    Dewey Decimal Classification     Non-fiction National Institute of Technical Teachers Training & Research National Institute of Technical Teachers Training & Research 05/12/2026   628.015196 ARO 50356 05/12/2026 05/12/2026 Books